000 00201nam a2200097Ia 4500
008 190216s9999||||xx |||||||||||||| ||und||
100 _aCherukad
245 0 _aMulamkootam
260 _bNull
942 _cBK
999 _c23583
_d23583